[Event "68th RUS-ch Women Superfinal 2018"]
[Site "Satka"]
[Date "2018.08.29"]
[Round "5"]
[White "Gunina, Valentina"]
[Black "Gritsayeva, Oksana"]
[Result "1/2-1/2"]
[WhiteElo "2528"]
[BlackElo "2391"]
[Annotator "TA"]
[PlyCount "105"]
[EventDate "2018.08.25"]
[EventType "tourn"]
[EventCountry "RUS"]
[SourceTitle "playchess.com"]
[Source "ChessBase"]
[SourceQuality "1"]

{[%evp 13,105,34,45,6,11,0,0,6,0,0,0,0,0,-124,-105,-164,-69,-134,-134,-134,-134,-134,-134,-134,-134,-137,-137,-145,-98,-147,-138,-141,-28,-67,-14,-7,-47,-22,-10,-60,0,0,0,0,192,100,85,2,6,18,258,117,439,59,58,31,56,60,45,-5,-6,-6,-6,-11,-7,-12,-6,-14,-7,-12,-12,-8,0,-14,-14,-22,-22,-25,-25,-36,-29,-36,-36,-36,-36,-36,-36,-58,-44,-45,-43,-58,-58,-58]} 1. e4 c5 2. Nf3 Nc6 3. Bb5 g6 4. O-O Bg7 5. Bxc6 dxc6 6. h3 e5 7. d3 b6 {LiveBook: 60 Games. B31: Sicilian: 2...Nc6 3 Bb5 g6} 8. Bg5 $146 ({Predecessor:} 8. Be3 Qe7 9. Qd2 h6 10. Nc3 Nf6 11. Nh2 Be6 12. f4 exf4 13. Bxf4 Nd7 14. Rae1 {0-1 (68) Narayanan,S (2532)-Piorun,K (2651) Stockholm 2017}) 8... Qc7 9. Qd2 h6 {The position is equal.} 10. Be3 Ne7 11. Nc3 f5 12. exf5 $1 gxf5 13. Ne2 (13. Qe2 $1 $11 {keeps the balance.}) 13... Be6 $36 {[%mdl 2048] Black is really pushing.} (13... f4 $6 14. Nxf4 exf4 15. Bxf4 $11) 14. b4 (14. Qc1 $17 {might work better.}) 14... Nd5 ({Black should try} 14... Bd5 $19 15. Qe1 (15. bxc5 $2 Bxf3 16. Rfb1 Bxe2 $19) 15... cxb4 16. Qxb4 Bf6) 15. bxc5 (15. Rae1 $1 $15) 15... f4 16. Bxf4 Nxf4 (16... exf4 17. cxb6 axb6 18. Rae1 $17) 17. Nxf4 exf4 18. Rae1 Kd7 19. d4 Rae8 20. Qd3 {aiming for Qg6.} Kc8 21. cxb6 axb6 22. c4 Kb7 (22... Rhg8 $17 {...Bf6 is the strong threat.} 23. d5 Bd7) 23. a4 Qf7 (23... Bf6 $15 24. c5 Rhg8) 24. d5 $1 $11 cxd5 25. c5 Rc8 26. cxb6 d4 ({Better is} 26... Rc6 $1 $15 27. a5 Ra8) 27. Ne5 Bxe5 $1 28. Rxe5 Rhe8 $2 (28... Bd5 $1 $11 29. Rfe1 (29. Qxd4 Rhd8 $11) 29... Rhe8 30. Qxd4 Rxe5 31. Rxe5 Bc6) 29. Ra5 ({Don't take} 29. Qxd4 $6 Rc4 $11) (29. Qe4+ $18 Bd5 30. Qxd5+ Qxd5 31. Rxd5) 29... Bc4 $16 30. Qxd4 (30. Ra7+ $16 Kb8 31. Qxd4) 30... Ba6 $1 $11 31. Rb1 {And now Rxa6! would win.} Rcd8 $2 (31... Re7 $11 {and Black is okay.}) 32. Qc5 (32. Qc3 $1 $18 {[%cal Rc3f3] and the rest is easy. Threatens to win with Qf3+.} Re4 33. Qc7+ Qxc7 34. bxc7+ Kxc7 35. Rxa6) 32... Rc8 $2 {[%mdl 8192] [#]} (32... Re7 $16 {is tougher.}) 33. Qd6 $2 (33. Rxa6 $1 $18 {[%mdl 512] Threatening mate with Ra7+.} Kxa6 34. Qb5+ Kb7 35. a5) 33... Qe6 $1 $14 {[%cal Re6d6]} 34. Qxf4 {Strongly threatening Rxa6.} Qe4 35. Qxe4+ Rxe4 36. Rf5 Rxa4 37. Rf6 h5 38. Kh2 Kb8 39. Re1 Bb7 40. Rg6 h4 41. Rg4 Ra2 42. Kg1 Rf8 43. f3 Bc8 44. Rg7 Rb2 45. Re4 Rh8 46. b7 Rxb7 ({Don't do} 46... Bxb7 47. Rd4 $17) (46... Rb1+ {is interesting.} 47. Kh2 Rxb7 48. Rg5 Rb2 49. Rg7 Bb7) 47. Rxb7+ Kxb7 $15 {[%mdl 4096] Endgame KRB-KR. Black is slightly better.} 48. Rc4 Be6 49. Rc5 Kb6 50. Re5 Rh6 51. Kf2 Kc6 52. Ra5 Kd6 53. Ra4 {Precision: White = 30%, Black = 52%.} 1/2-1/2

[Event "68th RUS-ch Women Superfinal 2018"]
[Site "Satka"]
[Date "2018.08.29"]
[Round "5"]
[White "Pogonina, Natalija"]
[Black "Kosteniuk, Alexandra"]
[Result "1-0"]
[WhiteElo "2469"]
[BlackElo "2559"]
[Annotator "TA"]
[PlyCount "113"]
[EventDate "2018.08.25"]
[EventType "tourn"]
[EventCountry "RUS"]
[SourceTitle "playchess.com"]
[Source "ChessBase"]
[SourceQuality "1"]

{[%evp 28,113,0,0,0,0,4,0,20,16,51,27,96,110,168,106,140,98,225,217,235,240,192,67,75,80,77,69,164,23,23,20,18,21,21,22,20,18,60,23,125,64,78,0,0,-4,111,0,100,102,534,533,510,409,581,0,835,841,802,792,972,965,729,589,559,556,592,611,582,581,681,650,1063,1054,1056,1047,977,936,1049,1060,1041,1023,920,923,852,850,9320,8438]} 1. d4 Nf6 2. c4 e6 3. g3 c5 4. d5 exd5 5. cxd5 d6 6. Nc3 g6 7. Bg2 Bg7 8. Nf3 O-O 9. O-O Re8 10. Bf4 Ne4 11. Nxe4 Rxe4 12. Nd2 {A62: Modern Benoni: Fianchetto Variation without early ...Nbd7} Rxf4 13. gxf4 Bxb2 14. Rb1 Bg7 15. Re1 {LiveBook: 10 Games} Bh6 16. e3 Na6 17. Nc4 Nc7 {[#]} 18. a4 $146 ({Predecessor:} 18. Na5 b5 19. Qf3 Bd7 {½-½ (61) Duliba,E (2532)-Nickel,A (2645) ICCF email 2012}) 18... Rb8 19. Qf3 $1 Qf6 (19... Bf8 $11) 20. f5 $36 {[%mdl 2048] White is in control.} Bd7 (20... Qd8 $16) 21. e4 (21. fxg6 $18 Qxg6 22. Kh1) 21... Bxa4 22. fxg6 Qxg6 (22... Qxf3 $16 23. gxh7+ (23. Bxf3 hxg6 24. Nxd6 b5 $16) 23... Kxh7 24. Bxf3 Nb5) 23. e5 $1 $18 Nb5 24. exd6 Nd4 25. Qg3 (25. Qa3 $18 b5 26. d7) 25... Bf4 $14 26. Qxg6+ $1 (26. Qxf4 Qxb1 27. Qg3+ Qg6 $15) 26... hxg6 27. Re7 $1 Bb5 {[#]} (27... b6 $14) 28. Ne5 (28. d7 $1 $18 Kf8 29. Rbe1) 28... Bxe5 $1 $11 29. Rxe5 Rd8 30. Re7 b6 31. Rxa7 Rxd6 32. Rb7 c4 33. Rc7 Ba6 (33... Rd7 $11 34. Rxd7 Bxd7) 34. Re1 (34. f4 $16) 34... c3 35. Re8+ (35. Rd1 $16 Ne2+ 36. Kh1) 35... Kg7 {Threatening ...c2.} 36. Ree7 Rf6 {[#]} (36... c2 $1 $11 37. f4 (37. Rxf7+ Kh6 $11) 37... Rc6 38. Rxf7+ (38. Rxc6 $2 Nxc6 39. Re1 Nd4 $19) 38... Kg8 39. Rg7+ Kf8 40. Rgf7+ Ke8 41. Rfe7+ Kd8 42. Red7+ Ke8 43. Re7+ Kd8 44. Red7+ Ke8 45. Re7+) 37. Be4 (37. Rxc3 $6 Ne2+ 38. Rxe2 Bxe2 $11) (37. d6 $1 $16) 37... Ne2+ (37... Kf8 $11 {keeps the balance.}) 38. Kg2 $16 {d6! is the strong threat.} b5 $2 {[%mdl 8192] [#]} (38... Nf4+ $16 39. Kg3 Nh5+ 40. Kh4 c2) 39. d6 $1 $18 {[%mdl 512] aiming for d7.} Nf4+ (39... Rxd6 40. Rxf7+) 40. Kg3 {Black must now prevent d7.} Ne2+ (40... Nh5+ {is a better defense.} 41. Kg4 Kf8) 41. Kg2 $2 ({White should try} 41. Kg4 $18 {Hoping for d7.} Kf8 42. Kg5 Rxf2 43. Ra7) 41... Rxd6 $2 {[%mdl 8192]} (41... Nf4+ $11 42. Kg3 Ne2+ 43. Kh4 Kf8) 42. Rxf7+ {White is clearly winning.} Kg8 43. Bc2 {Intending Bb3 and mate.} Nd4 44. Rg7+ Kh8 45. Rge7 {[%cal Re7e8]} Rd8 46. Bxg6 Bc8 47. Rxc3 Be6 48. Rg3 Ne2 {Now ...Bd5+ and Black clings on.} 49. Rg5 Rd5 50. Rxd5 ({Not} 50. Rxe6 Rxg5+ 51. Kf1 Nf4 $16) 50... Bxd5+ {[%mdl 4096] Endgame KRB-KBN} 51. Be4 Bc4 52. Rb7 Nd4 53. Kg3 Ne6 54. f4 Nc5 55. Rb8+ Kg7 56. Bc6 Na6 57. Rb7+ {Precision: White = 59%, Black = 32%.} 1-0

[Event "68th RUS-ch Women Superfinal 2018"]
[Site "Satka"]
[Date "2018.08.29"]
[Round "5"]
[White "Kashlinskaya, Alina"]
[Black "Bodnaruk, Anastasia"]
[Result "1-0"]
[WhiteElo "2440"]
[BlackElo "2449"]
[Annotator "TA"]
[PlyCount "103"]
[EventDate "2018.08.25"]
[EventType "tourn"]
[EventCountry "RUS"]
[SourceTitle "playchess.com"]
[Source "ChessBase"]
[SourceQuality "1"]

{[%evp 22,103,31,33,180,114,114,109,104,75,70,31,80,85,91,69,80,91,88,72,75,83,72,51,53,49,55,62,63,18,118,105,135,137,131,0,0,0,0,-95,-47,-145,0,0,0,0,570,551,364,275,29966,0,1240,1191,1052,1000,777,0,0,0,722,588,29948,29949,29954,29937,29950,29940,29961,29961,29961,29960,29958,29959,29967,29970,29971,12837,29983,29983,29983,29984,29990,29987]} 1. d4 Nf6 2. c4 g6 3. Nc3 d5 4. cxd5 Nxd5 5. e4 Nxc3 6. bxc3 Bg7 7. Nf3 c5 8. Be2 Nc6 9. Be3 cxd4 {D85: Grünfeldindisch (Abtauschvariante, 7.Sf3 bzw nicht 7.Lc4)} 10. cxd4 Qa5+ (10... Bg4 11. d5 Ne5 12. Nxe5 Bxe2 13. Qxe2 Bxe5 14. Qb5+ Qd7 15. Rb1 Qxb5 16. Rxb5 {½-½ (80) Grigoryan,A (2600)-Gopal,G (2572) Dubai 2012}) 11. Bd2 Qa3 12. d5 {LiveBook: 4 Partien} Nb4 (12... Ne5 $14) 13. Rb1 (13. Bb5+ $1 $18 Bd7 14. Bxd7+ Kxd7 15. O-O Bxa1 16. Qxa1) 13... Nd3+ $16 14. Kf1 {Schwarz muss nun Dc2 beachten.} Ne5 15. Nxe5 $146 ({Vorgänger:} 15. Nd4 a6 16. Bb4 Qxa2 17. Ra1 Qb2 18. Rb1 Qa2 19. Bc3 Qa3 20. Bb4 Qa2 {½-½ (20) Palatnik,S (2480)-Faibisovich,V (2440) Odessa (Ukraine) 1977}) 15... Bxe5 16. Bb5+ Kf8 17. Bh6+ Kg8 18. f4 Bg7 19. Bxg7 Kxg7 20. Qd4+ f6 21. Kf2 Rd8 22. Be2 Qd6 23. Qe3 e5 24. dxe6 Qxe6 25. h4 h5 {[#]} (25... Re8 $11) 26. g4 $1 {[%mdl 512]} Qxa2 (26... hxg4 $2 27. h5 $18) 27. f5 $1 hxg4 28. fxg6 (28. Rhc1 $1 $16 {[%cal Rc1c7]} Rd2 29. e5 g3+ 30. Ke1 Rxe2+ 31. Qxe2) 28... Kxg6 $11 29. h5+ Kh7 30. e5 (30. Rhc1 $11 Rd7 31. Qf4) 30... Qf7 {Und weiter mit ...f5 wäre nett.} 31. Qf4 {[#]} (31. exf6 $15 Qxf6+ 32. Kg3) 31... f5 {[#]} (31... Rd4 $1 $17 {[%cal Rd4f4][%mdl 512]} 32. Bd3+ (32. Qxd4 fxe5+) 32... Rxd3 33. Qe4+ Kg8 34. Qxd3 fxe5+ 35. Kg3 Bf5) 32. Bxg4 $1 {[%mdl 512]} Be6 (32... fxg4 33. Qxf7+) 33. Bf3 Bd5 $2 {[%mdl 8192]} (33... Rac8 $11) 34. Bxd5 $18 Rxd5 35. Rhg1 $1 {[%cal Rg1g6] jetzt Tg6 und aus.} Rc5 $2 {[#]} (35... Rd7 $18) 36. e6 $2 (36. Rxb7 $1 {[%mdl 512] setzt Matt} Rc2+ (36... Qxb7 37. Qxf5+) 37. Ke1 Rc1+ 38. Kd2 Rc2+ 39. Ke3 Rc3+ 40. Ke2 Rc2+ 41. Kd1 Rd2+ 42. Kxd2) 36... Qxe6 $2 {[%mdl 8192]} (36... Qc7 $11 37. Qxc7+ Rxc7) 37. Rxb7+ Kh8 38. Rb8+ Kh7 {[#]} 39. Rb7+ $2 ({Nicht} 39. Rxa8 Rc2+ 40. Kg3 Qb3+ 41. Qf3 (41. Kh4 Rc4 $11) 41... Rc3 $11) (39. Re1 $1 $18 {[%cal Re1e6]} Rc4 40. Qg3 (40. Rxe6 Rxf4+ 41. Ke3 Re4+ 42. Rxe4 Rxb8 $11) (40. Rb7+ Kh8 $11) 40... Rc2+ 41. Kg1 Qxe1+ 42. Qxe1 Rxb8 43. Qe7+ Kh6 44. Qf6+ Kxh5 45. Qxf5+ Kh4 46. Qf4+ Kh3 47. Qxb8 Rg2+ 48. Kf1) 39... Kh8 $11 40. Rb8+ $2 $40 {[%mdl 8320] Schwarz muss sich nun genau verteidigen.} (40. Qd4+ $11 Qe5 41. Qxe5+ Rxe5 42. Rgg7) 40... Kh7 $1 $18 {[#]} 41. Re1 $1 {[%cal Re1e6]} ({Und nicht} 41. Rxa8 Rc2+ 42. Kg3 Qb3+ 43. Kh4 Rc4 $11) 41... Rc2+ 42. Kf1 Rc4 43. Qg3 (43. Rxe6 $2 {ist das falsche Schlagen.} Rxf4+ 44. Ke2 Rxb8 $19) 43... Qxe1+ 44. Kxe1 {[%csl Gh5][%cal Rg3g6]} Rxb8 {[%mdl 4096] Endspiel KD-KTT} 45. Qg6+ Kh8 46. Qh6+ Kg8 47. Qe6+ Kg7 48. Qxc4 Re8+ 49. Kf2 Re4 50. Qc8 {Weiß setzt Matt.} Kf6 51. h6 Kg6 52. Qf8 {Precision: Weiß = 63%, Schwarz = 43%.} 1-0

[Event "68th RUS-ch Women Superfinal 2018"]
[Site "Satka"]
[Date "2018.08.29"]
[Round "5"]
[White "Galliamova, Alisa"]
[Black "Shuvalova, Polina"]
[Result "1-0"]
[WhiteElo "2424"]
[BlackElo "2413"]
[Annotator "TA"]
[PlyCount "201"]
[EventDate "2018.08.25"]
[EventType "tourn"]
[EventCountry "RUS"]
[SourceTitle "playchess.com"]
[Source "ChessBase"]
[SourceQuality "1"]

{[%evp 31,201,0,3,-7,-7,-6,-9,-20,-11,-41,33,45,50,-17,-20,-26,54,41,46,62,41,55,118,119,116,114,114,104,172,172,165,164,156,150,225,220,297,242,227,168,168,168,168,168,168,168,168,168,247,168,168,0,247,175,247,175,245,0,223,0,274,264,268,256,212,177,182,182,182,182,182,182,166,150,150,29,114,0,150,150,150,107,104,104,103,91,119,0,77,39,30,27,199,202,162,163,530,211,218,201,197,171,493,277,565,544,548,22,612,597,612,608,605,597,597,595,579,572,572,572,579,547,572,570,570,544,544,537,537,0,537,537,530,530,530,525,529,529,529,519,496,474,414,420,691,650,1048,1017,1298,1318,1676,1590,1508,1449,1270,1085,29975,29979,29979,29979,29979,1225,794,0,29979,29979,29980,29981,29985,29986,29991,29992]} 1. d4 Nf6 2. Nf3 e6 3. c4 d5 4. Nc3 c5 5. cxd5 Nxd5 6. e4 Nxc3 7. bxc3 cxd4 8. cxd4 Bb4+ 9. Bd2 Bxd2+ 10. Qxd2 O-O 11. Bc4 Nd7 12. O-O b6 13. Rad1 Bb7 14. Rfe1 Rc8 {D41: Queen's Gambit Declined: Semi-Tarrasch with 5 cxd5} 15. Bb3 Re8 16. h3 h6 {LiveBook: 6 Games. The position is equal.} (16... Nf6 17. Qf4 Nh5 18. Qe5 Nf6 19. Qf4 Nh5 20. Qh2 h6 21. d5 exd5 22. exd5 Rxe1+ 23. Nxe1 {½-½ (57) So,W (2799)-Kramnik,V (2800) Berlin 2018}) 17. Qf4 Qc7 18. Qh4 Nf6 {[#]} 19. Ne5 $146 ({Predecessor:} 19. Re3 b5 20. Ne5 a5 21. a4 bxa4 22. Bxa4 {½-½ (49) Epishin,V (2574)-Del Rio de Angelis,S (2489) Calvia 2005}) 19... b5 20. Rd3 Nd7 (20... a5 $15) 21. Ng4 $14 Qf4 $1 22. Rg3 (22. Rf3 $1 $14 Qg5 23. Qxg5 hxg5 24. Rfe3) 22... Kf8 $1 $11 23. Rf3 Qg5 ({Better is} 23... Qd2 $11 24. Rfe3 Re7) 24. Qg3 $1 $36 {[%mdl 2048] White has good play.} Rc1 25. Qd6+ Re7 $1 26. Rfe3 Qxe3 (26... Rxe1+ $1 $14 27. Rxe1 Qd2) 27. Nxe3 $16 (27. fxe3 $6 Rxe1+ 28. Kf2 Rc1 $11) 27... Rxe1+ 28. Kh2 Bxe4 29. d5 Re2 (29... exd5 $16 {was necessary.} 30. Bxd5 Nf6) 30. dxe6 $18 fxe6 31. Qf4+ $1 (31. Bxe6 $6 Nf6 $16) 31... Nf6 32. Ng4 e5 (32... Bd5 $16 {was called for.}) 33. Nxe5 Bb1 34. Ng4 Bxa2 35. Bxa2 Rxa2 36. Nxf6 gxf6 37. Qxf6+ {[%mdl 4096] Endgame KQ-KRR} Rf7 38. Qxh6+ Kg8 39. Qg5+ Kf8 (39... Kh8 {was worth a try.}) 40. Qc5+ (40. Qxb5 Rfxf2 41. Qb8+ Kf7 $11) 40... Kg7 41. Qg5+ ({Worse is} 41. Qxb5 Rfxf2 42. Qg5+ Kh7 $11) (41. Qe5+ $142 Kg8 42. f4 (42. Qxb5 Raxf2 43. Qg5+ Kh7 $16)) 41... Kf8 $1 42. Qd8+ (42. Qxb5 Rfxf2 43. Qc5+ Ke8 $11) 42... Kg7 43. Qd4+ Kg8 (43... Kh7 {might work better.}) 44. Qd8+ Kg7 $1 {[#]} 45. f3 $2 (45. f4 $1 $18 {[%mdl 512]}) 45... a6 $2 {[%mdl 8192] [#]} (45... Rxf3 $1 $11 46. Qg5+ Kf8) 46. Qg5+ $1 Kf8 47. Qh6+ Kg8 48. Qg6+ Kf8 49. Qd6+ Kg7 50. Qg3+ Kh7 {intending ...Rg7.} 51. Qh4+ Kg7 52. Qg4+ Kf8 53. Qb4+ ({White should try} 53. h4 $16) 53... Kg8 (53... Re7 $1 $11) 54. Qg4+ Kf8 55. h4 Ra4 56. Qg5 {h5 is the strong threat.} Raf4 57. Qh6+ Kg8 {aiming for ...Rxh4+!} 58. Qg6+ Kf8 59. Qh6+ Kg8 $1 {Threatens to win with ...Rxh4+!} 60. Qxa6 {Black must now prevent Kg3.} Rxh4+ 61. Kg1 b4 $2 (61... Rc4 $1 $11) 62. Qg6+ Rg7 63. Qe6+ Kh8 $2 (63... Rf7 64. Qg6+ Rg7) 64. Qf6 $2 (64. g4 Rhh7 65. Qf6) 64... Rh5 65. Qf8+ Kh7 66. Qxb4 Rhg5 $2 (66... Rf7 {is more resistant.} 67. Kf2 Rhf5) 67. Qe4+ (67. g4 $142 Re5 68. Qb1+ Kh6 69. Kf2) 67... Kg8 $2 (67... R5g6 68. Qf5 Kh8) 68. g4 R5g6 {If only Black now had time for ...Rf6....} 69. Kg2 $2 ({White should play} 69. Qa8+ $18 Kh7 70. Qe4) 69... Kf7 $2 {[%mdl 8192]} (69... Rf6 $11) 70. Kg3 Kf8 71. Qf5+ Ke7 72. Qc8 Rg8 73. Qc5+ Ke6 74. Qc7 R8g7 75. Qc8+ Ke7 76. Qh8 Rg8 77. Qe5+ Kf7 78. Qd5+ Ke7 79. Qb7+ Ke6 80. Qc7 R8g7 $1 {[%cal Rg7c7]} 81. Qc4+ Ke7 82. Kf2 Ke8 83. Qc8+ Ke7 84. Qc7+ Ke8 85. Qe5+ Kf7 86. Qh5 Ke7 87. Kg3 Rg8 {[#]} (87... Rg5 $142 88. Qh2 Kf8 89. Qh8+ Ke7) 88. Kh4 $1 R6g7 89. Qe5+ Kf7 90. g5 Kf8 91. Qf6+ Ke8 92. Kg4 Rg6 93. Qe5+ Kf8 94. Kh5 R6g7 95. Qf6+ Ke8 96. Qc6+ (96. Kh6 $142 Rxg5 97. Qxg5 Rxg5 98. Kxg5 Kf7 99. Kf5 Ke7 100. Kg6 Kf8 101. Kf6) 96... Kf7 97. Qf6+ (97. Qd7+ $18 Kf8 98. Qd8+ Kf7 99. Qf6+ Ke8 100. Kh6) 97... Ke8 98. g6 {[%cal Bg5g6,Bg6g7][%mdl 32] White mates.} Re7 99. f4 Rf8 100. Qc6+ Rd7 101. g7 {Precision: White = 53%, Black = 39%.} 1-0

[Event "68th RUS-ch Women Superfinal 2018"]
[Site "Satka"]
[Date "2018.08.29"]
[Round "5"]
[White "Tomilova, Elena"]
[Black "Girya, Olga"]
[Result "1/2-1/2"]
[WhiteElo "2332"]
[BlackElo "2462"]
[Annotator "TA"]
[PlyCount "107"]
[EventDate "2018.08.25"]
[EventType "tourn"]
[EventCountry "RUS"]
[SourceTitle "playchess.com"]
[Source "ChessBase"]
[SourceQuality "1"]

{[%evp 15,107,14,33,5,16,5,25,25,23,21,29,0,0,-7,0,-46,10,0,4,7,17,-21,0,-22,-12,-45,-8,-14,-19,-22,-22,-21,0,-14,0,0,26,16,23,0,0,0,0,-99,-91,-104,-42,-36,0,0,25,-60,-48,-66,-65,-33,0,0,0,0,0,0,0,0,30,34,41,-26,-15,-89,-17,-21,-3,-3,-3,-3,-3,-9,-3,-3,-3,-3,-3,-3,0,0,0,0,0,0,0,-3,0,0]} 1. e4 c6 2. d4 d5 3. exd5 cxd5 4. Bd3 Nc6 5. c3 Qc7 6. h3 Nf6 7. Nf3 g6 8. O-O {B13: Caro-Kann: Exchange Variation and Panov-Botvinnik Attack} Bf5 {LiveBook: 47 Games} 9. Ne1 (9. Re1 Bxd3 10. Qxd3 Bg7 11. Na3 O-O 12. Nc2 e6 13. Ne3 Rab8 14. a4 Na5 15. Ra3 Rfc8 {0-1 (67) Artemiev,V (2653)-Riazantsev,A (2671) Doha 2016}) 9... e6 $146 ({Predecessor:} 9... Bg7 10. Na3 a6 11. Nac2 O-O 12. Bxf5 gxf5 13. Nd3 e6 14. Bf4 Qe7 15. a3 Ne4 {1-0 (54) Gao,R (2543)-Xu,Y (2454) Xinghua 2017}) 10. Bg5 Nd7 11. Bxf5 gxf5 12. Qh5 Be7 13. Bxe7 Nxe7 14. Na3 Nf6 15. Qd1 O-O (15... O-O-O $15) 16. Nd3 Ng6 17. Nc2 Kh8 18. Kh1 Rg8 19. Rg1 Ne4 20. Nce1 Rg7 21. Rc1 Rag8 22. Rc2 b5 23. a3 a6 24. Qh5 Ne7 {[%cal Bg6e7,Be7c8,Bc8d6,Bd6c4][%mdl 32]} 25. Qh4 Nc8 26. Qf4 (26. Qh6 {looks sharper.} a5 27. Nf4 Ne7 28. g3 Nc6 29. Nh5) 26... Qe7 27. Ne5 f6 28. N5d3 Ncd6 29. g4 (29. Nf3 $11) 29... fxg4 30. hxg4 {[#]} Ng5 (30... Nc4 $1 $17 {aiming for ...e5.} 31. f3 e5) 31. Rg2 Nc4 {With the idea ...e5.} 32. Re2 Re8 33. b3 (33. Qh2 $11) 33... Nd6 34. f3 a5 $1 35. Qg3 Nb7 36. b4 Qc7 37. Qxc7 Rxc7 38. Nc5 axb4 39. axb4 Nxc5 40. bxc5 Ra7 41. Nd3 ({White should play} 41. Re3 $14) 41... Ra3 $11 42. Rgf2 {[#]} (42. Nf4 $11 {remains equal.}) 42... Rxc3 (42... Nh3 $1 $17 {[%cal Rh3f2]} 43. Rh2 Rxc3 44. Rxh3 Rxd3) 43. Nf4 {The position is equal.} Rc4 44. Nxd5 $1 Rxd4 45. Nc7 Rc8 46. Nxe6 Rd5 47. f4 Nxe6 48. Rxe6 Rdxc5 49. Rxf6 Rc2 50. Rxc2 Rxc2 {KR-KR} 51. Rb6 Rc4 52. Rxb5 Rxf4 53. g5 Kg7 54. Kg2 {Precision: White = 52%, Black = 46%.} 1/2-1/2

[Event "68th RUS-ch Women Superfinal 2018"]
[Site "Satka"]
[Date "2018.08.30"]
[Round "6"]
[White "Kosteniuk, Alexandra"]
[Black "Goryachkina, Aleksandra"]
[Result "1-0"]
[WhiteElo "2559"]
[BlackElo "2535"]
[Annotator "TA"]
[PlyCount "51"]
[EventDate "2018.08.25"]
[EventType "tourn"]
[EventCountry "RUS"]
[SourceTitle "playchess.com"]
[Source "ChessBase"]
[SourceQuality "1"]

{[%evp 25,51,0,2,-30,0,-5,19,0,13,7,35,20,50,25,116,103,272,284,532,538,526,348,670,710,5343,5335,5235,274]} 1. e4 e6 2. d4 d5 3. Nc3 Nf6 4. e5 Nfd7 5. f4 c5 6. Nf3 Nc6 7. Be3 a6 8. Qd2 b5 9. Qf2 Qb6 {C11: French: Classical System: 4 e5 and 4 Bg5 dxe4} 10. Bd3 cxd4 11. Nxd4 Bc5 12. Nce2 b4 13. O-O a5 {[#] LiveBook: 5 Games} 14. c4 $146 ({Predecessor:} 14. Rac1 O-O 15. c3 Ba6 16. Bxa6 Rxa6 17. c4 Nxd4 18. Nxd4 {½-½ (44) Fedorov,A (2619)-Podolchenko,E (2450) Minsk 2010}) 14... dxc4 (14... Ba6 {looks sharper.} 15. Rac1 O-O 16. Rfd1 Ne7 17. b3 dxc4 18. bxc4 Rad8) 15. Bxc4 Nxd4 16. Nxd4 O-O 17. Rfe1 Ba6 18. Bb3 Rfd8 19. Rac1 {aiming for f5.} Rac8 {[#]} (19... a4 $11 20. Bxa4 Nxe5 21. Nxe6 (21. fxe5 Bxd4 22. Bxd4 Qxd4 $11) (21. Rxc5 Ng4 $11) 21... Bxe3 22. Qxe3 Qxe6) 20. f5 $1 $16 {[%cal Bf4f5,Bf5e6,Be6e7][%mdl 32]} Kh8 $2 (20... Re8 $16) 21. fxe6 $18 Nxe5 $2 {[#]} (21... fxe6 {is a better defense.} 22. Rxc5 Nxc5) 22. Rxc5 $1 {[%mdl 512]} Qxc5 23. Nf5 {[%cal Bd4f5,Bf5h6,Bh6f7][%mdl 32]} Qb5 $2 (23... Qc6 24. exf7 Qf6) 24. e7 {White is clearly winning.} Nd3 25. Nh6 Nxf2 26. Nxf7+ {Precision: White = 79%, Black = 14%.} 1-0

[Event "68th RUS-ch Women Superfinal 2018"]
[Site "Satka"]
[Date "2018.08.30"]
[Round "6"]
[White "Girya, Olga"]
[Black "Pogonina, Natalija"]
[Result "1-0"]
[WhiteElo "2462"]
[BlackElo "2469"]
[Annotator "TA"]
[PlyCount "83"]
[EventDate "2018.08.25"]
[EventType "tourn"]
[EventCountry "RUS"]
[SourceTitle "playchess.com"]
[Source "ChessBase"]
[SourceQuality "1"]

{[%evp 21,83,9,12,5,10,11,12,15,46,40,69,75,50,40,72,77,79,82,82,63,85,83,87,38,59,68,63,66,60,58,76,66,117,106,316,300,247,106,755,735,637,689,863,476,820,787,1136,1108,993,434,29984,29985,29984,29985,29972,29973,29995,29996,29996,29997,29997,29998,29998,29999]} 1. d4 Nf6 2. c4 e6 3. Nf3 d5 4. Nc3 Nbd7 5. Bg5 h6 6. Bh4 Be7 7. e3 O-O 8. Qc2 c5 9. Rd1 Qa5 10. cxd5 {D61: Queen's Gambit Declined: Classical: 7 Qc2} Nxd5 11. Bxe7 Nxe7 {LiveBook: 13 Games} 12. dxc5 {The position is equal.} Qxc5 13. Rd2 {[#]} Nc6 $146 ({Predecessor:} 13... b6 14. Bd3 Nf6 15. Ne4 Qxc2 16. Nxf6+ gxf6 17. Rxc2 Bb7 {½-½ (66) Bukavshin,I (2618)-Inarkiev,E (2706) Sochi 2015}) 14. a3 Qe7 15. Bb5 Nf6 16. Bxc6 bxc6 17. O-O e5 18. Ne4 Nxe4 19. Qxe4 Re8 20. Qxc6 Rb8 21. Qa4 Be6 22. b4 Bg4 23. Qc6 a5 24. bxa5 Qxa3 25. Qd5 Bxf3 26. gxf3 Qb4 (26... Qe7 $14) 27. a6 Rb5 $2 (27... Qe7 $16) 28. Qd7 $18 Ra8 29. Qc6 (29. Rfd1 $18 {has better winning chances.}) 29... Ra7 $2 {[%mdl 8192]} (29... Rbb8 $16 30. Rfd1 e4) 30. Rd8+ Kh7 31. Qc8 {White wants to mate with Qf5+.} Rb6 32. Rh8+ Kg6 33. Kh1 Rbxa6 34. e4 {[%csl Ge4][%cal Rc8f5]} Re6 35. Qg8 (35. Rg1+ $142 Kh5 36. Rxg7) 35... Kf6 (35... Qd2 $18 36. Rg1+ Kh5) 36. Rg1 {White mates.} g6 37. Rh7 Ree7 38. Rxh6 Reb7 {[#]} 39. Rgxg6+ $1 {[%mdl 512]} Ke7 {[#]} (39... fxg6 40. Rxg6+) 40. Re6+ $1 {[%mdl 512]} fxe6 41. Rxe6+ Kd7 42. Qe8+ {Precision: White = 71%, Black = 32%.} 1-0